000 00430nam a22001697a 4500
003 NUST - PNEC
005 20170116181146.0
008 151013b xxu||||| |||| 00| 0 eng d
020 _a-
040 _cLIBRARY
082 _a891.439 SOH
100 _915038
_aSohail Bukhari
245 _aIqbal : Mujadad-e-Asar
_cDr. Sohail Bukhari
260 _aLahore:
_c1990
650 _915039
_aUrdu Literature
_xGeneral
942 _2ddc
_cBK
999 _c70731
_d70731